000 00791nam a22001937a 4500
999 _c14030
_d14030
003 AR-CdUCM
008 190417b ||||| |||| 00| 0 spa d
040 _aMUNICIPALIDAD PROVINCIAL DEL CUSCO
_cBIBLIOTECA MUNICIPAL DEL CUSCO
082 _aES / 800 /
_bR52
100 _aRibera, Antonio
_932696
245 _aLa conquista de las Profundidades Marinas /
260 _aBarcelona :
_bI.D.A.G. & AFHA,
_c1964.
300 _a137 páginas ;
_bIlustraciones,
_c21 cm.
440 _aColección Auriga, serie Violeta
_932678
505 _aContenido: Descubrimiento del Mar -- Historia de los aparatos de inmersión -- La penetración individual -- La penetración Vertical -- La navegación submarina ...
650 _aLiteratura juvenil.
_91580
942 _2ddc
_cLIBROS
945 _acmm
_d2019-04-17